00330pab a2200133 454500008004000000100001700040245005800057260000900115300001300124362001100137650001900148650001400167773001500181180718b2010 xxu||||| |||| 00| 0 eng d aDahiya, R.S. aKhap panchayats: need to review their role in society c2010 ap.28-32. a16 Jul aSocial systems aPanchayat aMainstream